000 00499pab a2200181 454500
008 180718b2000 xxu||||| |||| 00| 0 eng d
100 _aMehta, Sanat
245 _aNo impact of economic reforms on poverty, unemployment in India: where will the poor go?
260 _c2000
300 _ap.2-4
362 _a14 Oct
650 _aUnemployment - India
650 _aPoverty - India
650 _aEconomic reform - India
650 _aEconomic reform
773 _aYoung Indian
909 _a46403
999 _c46403
_d46403